000 00947nam a2200253 a 4500
001 BRL_1253
005 20190320211119.0
008 051213s2016----be-ab#####---#000-0#eng-#
020 _a9789889753559
041 _aengfre
044 _abe
050 4 _aNB1099.C6
_b.M37 2016
245 1 0 _aMasks in Congo
_can exhibition organized by Henry Lu Chung Chun at Ethnic Art & Culture LTD. curated by Marc Leo Felix.
260 _aBruselas, Bélgica
_bTribal Arts SPRL Brussels, Belgium : Ethnic Art & Culture Ltd. Hong Kong SAR China
_c2016
300 _a351 p.
_bil (algunas a color), mapas
_c30 cm.
500 _aIncluye lista de ilustraciones
504 _aBibliografía : p. 346-348
546 _aTexto en : inglés y francés
650 1 4 _aMáscaras
_zCongo (República Democrática)
_926281
700 1 _aChung Chun, Henry Lu
_926282
700 1 _aMarc Leo Felix
_eed.
_926283
710 2 _aEthnic Art & Culture LTD
_926284
942 _2lcc
_cB
999 _c10065
_d10065